| 000 | 00794nam a2200205 a 4500 | ||
|---|---|---|---|
| 008 | 160420c20059999||||||||||||||||| || u | ||
| 020 | _a9781412911696 | ||
| 050 | _aCD/QA 461 Dev | ||
| 100 | _aMason, John | ||
| 245 | 1 | 0 |
_aDeveloping thinking in geometry _cedited by Sue Johnston-Wilder and John Mason _h[cd-rom] |
| 260 |
_aLondon: _bOpen University Press _c2005 |
||
| 300 | _a4 3/4 in | ||
| 350 | _a0.00 | ||
| 500 | _aAccompanied by a text book available in main collection | ||
| 650 | _aGEOMETRY--STUDY AND TEACHING | ||
| 650 | _aSYMMETRY--STUDY AND TEACHING | ||
| 650 | 0 | _aMATHEMATICS--HANDBOOKS, MANUALS, ETC | |
| 700 | _aJohnston-Wilder, Sue | ||
| 995 |
_FCBU-MAIN LIBRARY (Kitwe) _I0.00 _M1 _UAVAILABLE _WApr 20, 2016 _Ze-Media Collection |
||
| 999 |
_c39928 _d39928 |
||